000 00154nam a22000857a 4500
082 _a823
100 _aADRIAN DWAL
245 _aSALESIAN OPTIMISM
942 _cBK
999 _c8288
_d8288